QUANTITATIVE TECHNIQUES (Record no. 132000)

MARC details
000 -LEADER
fixed length control field 00302pam a2200121 a 4500
020 ## - INTERNATIONAL STANDARD BOOK NUMBER
International Standard Book Number 0-7069-0915-1
Terms of availability
041 ## - LANGUAGE CODE
Language code of original
082 ## - DEWEY DECIMAL CLASSIFICATION NUMBER
Classification number 658.4032
Item number KOT
100 ## - MAIN ENTRY--PERSONAL NAME
Personal name DHAYAGUDE M.G.,
245 ## - TITLE STATEMENT
Title QUANTITATIVE TECHNIQUES
Medium Textual Documents
260 ## - PUBLICATION, DISTRIBUTION, ETC.
Place of publication, distribution, etc. PUNE
Name of publisher, distributor, etc. EVEREST PUBLISHING HOUSE
Date of publication, distribution, etc. 1995
930 ## - EQUIVALENCE OR CROSS-REFERENCE-UNIFORM TITLE HEADING [LOCAL, CANADA]
Uniform title 12573
Holdings
Withdrawn status Lost status Damaged status Not for loan Collection Home library Current library Date acquired Total Checkouts Full call number Barcode Date last seen Copy number Price effective from Koha item type
          Institute of Management & Entrepreneurship Development, Pune Institute of Management & Entrepreneurship Development, Pune 19/04/2011   658.4032 KOT IMP-IM-7160 01/03/2023 1 01/03/2023 Book